<?xml version="1.0" encoding="UTF-8"?>
<record
    xmlns:xsi="http://www.w3.org/2001/XMLSchema-instance"
    xsi:schemaLocation="http://www.loc.gov/MARC21/slim http://www.loc.gov/standards/marcxml/schema/MARC21slim.xsd"
    xmlns="http://www.loc.gov/MARC21/slim">

  <leader>01431nam a2200241   4500</leader>
  <controlfield tag="001">ESSALUD</controlfield>
  <controlfield tag="005">20260701122814.0</controlfield>
  <controlfield tag="007">ta</controlfield>
  <controlfield tag="008">      t        pe ||||| |||| 00| 0 spa d</controlfield>
  <datafield tag="040" ind1=" " ind2=" ">
    <subfield code="a">BMG</subfield>
  </datafield>
  <datafield tag="041" ind1=" " ind2=" ">
    <subfield code="a">spa</subfield>
  </datafield>
  <datafield tag="100" ind1=" " ind2=" ">
    <subfield code="a">Corte Suprema de Justicia de la Rep&#xFA;blica. Sala Civil Permanente </subfield>
    <subfield code="e">Autor</subfield>
    <subfield code="9">53005</subfield>
  </datafield>
  <datafield tag="245" ind1=" " ind2=" ">
    <subfield code="a">Alimentos: &#xBF;c&#xF3;mo computar el plazo de prescripci&#xF3;n en el delito de omisi&#xF3;n de asistencia familiar?</subfield>
  </datafield>
  <datafield tag="300" ind1=" " ind2=" ">
    <subfield code="a">p&#xE1;ginas 62-66</subfield>
  </datafield>
  <datafield tag="500" ind1=" " ind2=" ">
    <subfield code="a">Sentencia de casaci&#xF3;n</subfield>
  </datafield>
  <datafield tag="520" ind1=" " ind2=" ">
    <subfield code="a">El delito de omisi&#xF3;n de asistencia familiar es uno de naturaleza permanente y, por lo tanto, la consumaci&#xF3;n del delito se inicia con el incumplimiento del requerimiento de la liquidaci&#xF3;n de pensiones devengadas, y permanece hasta que el requerido cumpla con el pago exigido por mandato judicial. Por esta raz&#xF3;n, procede aplicar, para el c&#xE1;lculo del plazo de prescripci&#xF3;n del delito sub materia, el art&#xED;culo 82, numeral 4, del C&#xF3;digo Penal, el cual prescribe que el c&#xF3;mputo del plazo de prescripci&#xF3;n en los delitos permanentes comienza a partir del d&#xED;a en que cesa la permanencia.</subfield>
  </datafield>
  <datafield tag="650" ind1=" " ind2=" ">
    <subfield code="a">DERECHO DE FAMILIA</subfield>
  </datafield>
  <datafield tag="650" ind1=" " ind2=" ">
    <subfield code="a">MANUTENCI&#xD3;N</subfield>
    <subfield code="9">53055</subfield>
  </datafield>
  <datafield tag="650" ind1=" " ind2=" ">
    <subfield code="a">ASISTENCIA FAMILIAR</subfield>
    <subfield code="9">53056</subfield>
  </datafield>
  <datafield tag="650" ind1=" " ind2=" ">
    <subfield code="a">ALIMENTOS</subfield>
    <subfield code="9">5748</subfield>
  </datafield>
  <datafield tag="773" ind1="0" ind2=" ">
    <subfield code="0">22573</subfield>
    <subfield code="9">22621</subfield>
    <subfield code="d">Lima Grupo Praxis Formaci&#xF3;n Profesional, 2026-</subfield>
    <subfield code="o">PRA002</subfield>
    <subfield code="t">Praxis Civil &amp; Procesal Civil</subfield>
    <subfield code="w">ESSALUD</subfield>
    <subfield code="x">3119-7671</subfield>
  </datafield>
  <datafield tag="942" ind1=" " ind2=" ">
    <subfield code="c">ARTICULOS</subfield>
    <subfield code="e">2026-07-01</subfield>
    <subfield code="z">sqb</subfield>
  </datafield>
  <datafield tag="999" ind1=" " ind2=" ">
    <subfield code="c">22596</subfield>
    <subfield code="d">22596</subfield>
  </datafield>
</record>
